00677nam a2200217Ia 4500003000400000005001700004008004100021020001800062040001800080041000800098082001900106100001700125245014600142250001200288260004600300300002700346650002100373650003100394650002000425650001400445OSt20260105100117.0210716s2018 xx 000 0 und d a9788126556830 cAIMIT LIBRARY aeng a005.764 bPEAG aPease, Gene. aHuman capital analytics :bhow to harness the potential of your organizations greatest asset /cBy Gene Pease, Boyce Byerly and Jac Fitz-eng. a1st ed. aNew Delhi :bWiley India Pvt Ltd ,c2018. axiv,236 p.;bPBc24cm. aMeasurement Plan aBeyond ROI to optimization aShare the story aCausation